000 00701cam a2200253 4500500
005 20260329004703.0
041 _afre
042 _adc
100 1 0 _aTenaillon, Nicolas
_eauthor
245 0 0 _aVictimes ou coupables ?
260 _c2020.
500 _a37
690 _aBlanc
690 _aCulpabilité
690 _aDomination
690 _aNietzsche
690 _aPascal Bruckner
690 _aRacisme
690 _aRessentiment
690 _aVictime
690 _aVictimisation
786 0 _nPhilosophie magazine | 143 | 10 | 2020-10-01 | p. 57-58 | 1951-1787
856 4 1 _uhttps://shs.cairn.info/magazine-philosophie-magazine-2020-10-page-57?lang=fr&redirect-ssocas=7080
999 _c1836266
_d1836266